000 00520nam a2200193Ia 4500
005 20250326142028.0
008 250326s9999 xx 000 0 und d
037 _aTextbook
040 _aFMSL
_beng
_cFMSL
041 _aeng
_2eng
084 _aD658(B) M6
_qFMSL
100 _aClifton H D
245 0 _aBusiness data systems
_cClifton H D
250 _a3rd
260 _aNew Delhi
_bNew Delhi, Prentice-Hall of India
_c1986
300 _a396p
942 _cTB
_hD658(B) M6
999 _c1293109
_d1293109